书目信息 |
| 题名: |
新编实用英语
|
|
| 作者: | 杨金晖 主编 ;陈朝霞 , 桂林 副主编 | |
| 分册: | 1 | |
| 出版信息: | 北京 中国广播电视出版社 2009.01 |
|
| 页数: | 146页 | |
| 开本: | 28cm | |
| 丛书名: | ||
| 单 册: | ||
| 中图分类: | H31 | |
| 科图分类: | ||
| 主题词: | 英语--高等学校--技术学校--教材 | |
| 电子资源: | ||
| ISBN: | 978-7-5043-5914-8 | |
| 000 | 00951nam0 2200265 450 | |
| 001 | 613088 | |
| 005 | 20100805170412.42 | |
| 010 | @a978-7-5043-5914-8@dCNY29.80 | |
| 100 | @a20100515d2009 em y0chiy50 ea | |
| 101 | 0 | @achi |
| 102 | @aCN@b110000 | |
| 105 | @aa z 000yy | |
| 200 | 1 | @a新编实用英语@Axin bian shi yong ying yu@h1@f杨金晖主编@Fyang jin hui zhu bian@g陈朝霞, 桂林副主编@Gchen zhao xia,gui lin fu zhu bian |
| 210 | @a北京@c中国广播电视出版社@d2009.01 | |
| 215 | @a146页@c图@d28cm | |
| 300 | @a21世纪高职高专“十一五”规划新教材 | |
| 312 | @a封面英文共同题名:New practical English | |
| 330 | @a本书包括10个教学单元和两个阶段性测试,每个单元都包括听、诵、读、词汇、语法与练习六大板块。 | |
| 606 | 0 | @a英语@x高等学校@x技术学校@j教材 |
| 690 | @aH31@v4 | |
| 701 | 0 | @a杨金晖@Ayang jin hui@4主编 |
| 702 | 0 | @a陈朝霞@Achen zhao xia@4副主编 |
| 702 | 0 | @a桂林@Agui lin@4副主编 |
| 801 | 0 | @aCN@c20100515 |
| 905 | @dH31@eX950:1@f5 | |
| 新编实用英语.1/杨金晖主编/陈朝霞, 桂林副主编.-北京:中国广播电视出版社,2009.01 |
| 146页:图;28cm |
| 21世纪高职高专“十一五”规划新教材 |
| ISBN 978-7-5043-5914-8:CNY29.80 |
| 本书包括10个教学单元和两个阶段性测试,每个单元都包括听、诵、读、词汇、语法与练习六大板块。 |
| ● |
| 相关链接 |
|
|
|
正题名:新编实用英语
索取号:H31/X950:1
 
预约/预借
| 序号 | 登录号 | 条形码 | 馆藏地/架位号 | 状态 | 备注 |
| 1 | 997002 | 209970021 | 语言库209/209语言库 88排4列4层/ [索取号:H31/X950:1] | 在馆 | |
| 2 | 997003 | 209970030 | 语言库209/209语言库 88排4列4层/ [索取号:H31/X950:1] | 在馆 | |
| 3 | 997004 | 209970049 | 语言库209/209语言库 88排4列4层/ [索取号:H31/X950:1] | 在馆 | |
| 4 | 997005 | 209970058 | 语言库209/209语言库 88排4列4层/ [索取号:H31/X950:1] | 在馆 | |
| 5 | 997006 | 209970067 | 语言库209/209语言库 88排4列4层/ [索取号:H31/X950:1] | 在馆 |